British Birds by Letter - F - Statistics

General Stats
  • This quiz has been taken 8 times
  • The average score is 6 of 8
Answer Stats
Picture Hint Answer % Correct
Aythya nyroca Ferruginous Duck
100%
Turdus pilaris Fieldfare
100%
Regulus ignicapilla Firecrest
100%
Fulmarus glacialis Fulmar
100%
Bucanetes githagineus (Trumpeter) Finch
100%
Musciapa striata (Spotted) Flycatcher
67%
Mareca falcata Falcated Duck
33%
Leucophaeus pipixcan Franklin's Gull
33%
No matching quizzes found
Score Distribution
Percent of People with Each Score
Percentile by Number Answered
Your Score History
You have not taken this quiz